Discourse and learning
Kaydedildi:
| Yazar: | |
|---|---|
| Materyal Türü: | Kitap |
| Dil: | İngilizce |
| Baskı/Yayın Bilgisi: |
Londres
Longman
1985
|
| Seri Bilgileri: | Applied Linguistics and Language Study
|
| Konular: | |
| Etiketler: |
Etiketle
Etiket eklenmemiş, İlk siz ekleyin!
|
MARC
| LEADER | 00000nam a2200000 a 4500 | ||
|---|---|---|---|
| 001 | UCQ7927 | ||
| 003 | CL-VaPUC | ||
| 008 | 981121e19850000UK |||||||||||||||||eng|d | ||
| 082 | 0 | 4 | |a 418.007 |b RIL |2 21 |
| 100 | 0 | |a Riley, Philip |e author |9 421737 | |
| 245 | 1 | 0 | |a Discourse and learning |
| 300 | |a 389 p | ||
| 942 | |c BK | ||
| 945 | |d 19981121 00:00:00 |a crobeson | ||
| 260 | |a Londres |b Longman |c 1985 | ||
| 650 | 0 | |a Lingüística aplicada |9 313266 | |
| 650 | 0 | |a Educación lingüística |9 306506 | |
| 583 | |a last modification |c 19981121 00:00:00 |k Rodrigo Vera | ||
| 490 | 0 | |a Applied Linguistics and Language Study | |
| 999 | |c 277301 |d 277299 | ||
| 952 | |0 0 |1 0 |4 0 |6 418_007000000000000_RIL_1985 |7 0 |8 A |9 315187 |a FDOPOS |b FDOPOS |d 2019-11-20 |i 1493965 |o 418.007 RIL 1985 |p 1493965 |r 2025-01-22 |w 2019-11-20 |y BK |k MLA | ||